000
00300nam a2200121Ia 4500
005
20251222153559.0
008
251222s9999||||xx |||||||||||||| ||spa||
082
_a
658.15/W48
100
_a
"Weston, J. FredBrigham, Eugene"
245
0
_a
Finanzas en administración
250
_a
5a.ed.
942
_c
LIB
999
_c
31172
_d
31172